Medzinárodný marketing
Guardado en:
| Autor principal: | |
|---|---|
| Autor Corporativo: | |
| Formato: | Libro |
| Lenguaje: | eslovaco |
| Publicado: |
Bratislava
Vydavateľstvo EKONÓM
1999
|
| Materias: | |
| Etiquetas: |
Sin Etiquetas, Sea el primero en etiquetar este registro!
|
MARC
| LEADER | 00000nam a2200000 4500 | ||
|---|---|---|---|
| 001 | c110584 | ||
| 005 | 20221123133140.7 | ||
| 020 | |a 80-225-1144-7 | ||
| 041 | 0 | |a slo | |
| 044 | |a SK | ||
| 245 | 1 | 0 | |a Medzinárodný marketing |c Elvíra Dudinská |
| 264 | 1 | |a Bratislava |b Vydavateľstvo EKONÓM |c 1999 | |
| 300 | |a 235 s. | ||
| 610 | 2 | 0 | |a marketing medzinárodný |
| 610 | 2 | 0 | |a podnikanie |
| 610 | 2 | 0 | |a rozhodovanie |
| 610 | 2 | 0 | |a ciele podnikové |
| 610 | 2 | 0 | |a stratégia marketingová |
| 610 | 2 | 0 | |a investície kapitálové |
| 610 | 2 | 0 | |a ponuka |
| 610 | 2 | 0 | |a výrobky |
| 610 | 2 | 0 | |a sortiment výroby |
| 610 | 2 | 0 | |a ceny |
| 610 | 2 | 0 | |a distribúcia |
| 610 | 2 | 0 | |a komunikácia |
| 610 | 2 | 0 | |a reklama |
| 610 | 2 | 0 | |a podpora predaja |
| 610 | 2 | 0 | |a marketing mix |
| 610 | 2 | 0 | |a plán marketingový |
| 610 | 2 | 0 | |a informácie |
| 610 | 2 | 0 | |a trh |
| 100 | 1 | |a Dudinská, Elvíra | |
| 710 | 2 | |a Ekonomická univerzita v Bratislave. Podnikovohospodárska fakulta so sídlom v Košiciach | |